Rappeurs fr 2025 - Statistiques

Statistiques générales
  • Ce quiz a été pris 687 fois
    484 depuis la dernière actualisation
  • Le résultat moyen est 45 sur 368
Statistiques - réponses
Réponse % Correct
NINHO
81%
JUL
80%
BOOBA
73%
DAMSO
72%
LA F
71%
GIMS
68%
SCH
68%
PNL
66%
NISKA
66%
KAARIS
61%
PLK
61%
SDM
61%
GAZO
59%
TIAKOLA
57%
HAMZA
54%
WERENOI
53%
KOBA LA D
50%
NAPS
47%
LACRIM
46%
NEKFEU
46%
MAES
45%
LETO
43%
ALONZO
42%
KALASH
42%
ZOLA
42%
FAVE
41%
L2B
41%
LA FOUINE
40%
DADJU
39%
ORELSAN
39%
VALD
38%
RK
36%
JOSMAN
35%
FREEZE CORLEONE
34%
SOPRANO
34%
ZIAK
34%
KALASH CRIMINEL
32%
KERCHAK
32%
RIM K
32%
GAMBI
31%
MHD
31%
GRADUR
30%
JOK'AIR
30%
BLACK M
29%
ALPHA WANN
29%
NIRO
29%
DINOS
28%
HEUSS L'ENFOIRE
28%
NAZA
28%
SOFIANE
28%
DAU
27%
GUY2BEZBAR
27%
LA FEVE
27%
SOOLKING
27%
DJADJA ET DINAZ
26%
LOMEPAL
26%
LAYLOW
25%
BIGFLO ET OLI
23%
ROHFF
23%
TIMAL
23%
FRESH
22%
OBOY
22%
DA UZI
21%
FRANGLISH
21%
KOFS
21%
MISTER V
21%
ZED
21%
ZKR
21%
GENEZIO
20%
UZI
20%
YOUSSOUPHA
20%
1PLIKE140
19%
LEFA
19%
LUV RESVAL
19%
MISTER YOU
19%
NEPAL
19%
ZAMDANE
19%
GUIZMO
18%
LORENZO
18%
MENACE SANTANA
18%
MOHA LA SQUALE
18%
BOSH
17%
CABALLERO
17%
DOSSEH
17%
HOUDI
17%
JEANJASS
17%
SADEK
17%
TK
17%
4KEUS
16%
DTF
16%
HATIK
16%
LUIDJI
16%
SO LA LUNE
16%
YORSSY
16%
13 BLOCK
15%
AKHENATON
15%
AMK
15%
DISIZ
15%
GREEN MONTANA
15%
KERY JAMES
15%
LANDY
15%
LE DE
15%
LUTHER
15%
MC SOLAAR
15%
DADI
14%
ASHE22
14%
HORNET LA FRAPPE
14%
JOLAGREEN23
14%
LARRY
14%
OXMO PUCCINO
14%
ROMEO ELVIS
14%
BB JACQUES
13%
BEKAR
13%
FRESH LA DOUILLE
13%
KHALI
13%
MEDINE
13%
VEN1
13%
YL
13%
ISK
12%
J9UEVE
12%
JAZZY BAZZ
12%
KEKRA
12%
LINO
12%
MIG
12%
MMZ
12%
MZ
12%
BEN PLG
11%
DOUMS
11%
LARTISTE
11%
NES
11%
OSIRUS JACK
11%
SASSO
11%
VEGEDREAM
11%
ALKAPOTE
10%
BUSHI
10%
HUGO TSR
10%
ISHA
10%
LIMSA D'AULNAY
10%
LUJIPEKA
10%
REMY
10%
S PRI NOIR
10%
TIF
10%
WALLACE CLEAVER
10%
BOLEMVN
9%
BRULUX
9%
CHEU B
9%
FEMTOGO
9%
GEORGIO
9%
GRINGE
9%
LE RAT LUCIANO
9%
LESRAM
9%
MAC TYER
9%
MAIRO
9%
NAHIR
9%
SNEAZZY
9%
STAVO
9%
THEODORT
9%
YARO
9%
YVNNIS
9%
ALI
8%
ATEYABA
8%
BENDO Z
8%
DALI
8%
ALGERINO
8%
H JEUNE CRACK
8%
HOUARI
8%
KANOE
8%
ROUNHAA
8%
STO
8%
BENASH
7%
BRAMSITO
7%
COLUMBINE
7%
GAMBINO LA MG
7%
KAZA
7%
KODES
7%
ROSHI
7%
SALIF
7%
S CREW
7%
SETH GUEKO
7%
SHURIK'N
7%
SINIK
7%
TUNISIANO
7%
ZEU
7%
ASHH
6%
DEEN BURBIGO
6%
DOC GYNECO
6%
GLK
6%
JEUNE LION
6%
JUNGLE JACK
6%
KOOL SHEN
6%
SIBOY
6%
YAME
6%
ZUUKOU MAYZIE
6%
47 TER
5%
A2H
5%
AKETO
5%
DJANGO
5%
EL GRANDE TOTO
5%
404 BILLY
5%
FRENETIK
5%
INFINIT
5%
JEUNE MORTY
5%
KPRI
5%
L'ALLEMAND
5%
L'AS
5%
MALO
5%
MOJI
5%
NEMIR
5%
NESSBEAL
5%
STONY STONE
5%
SUPREME NTM
5%
WINNTERZUKO
5%
8RUKI
4%
DIDDI TRIX
4%
DIMEH
4%
KIK
4%
LYONZON
4%
ROI HEENOK
4%
SAVAGE TODDY
4%
SLIMKA
4%
SLK
4%
SLKRACK
4%
WIT
4%
YG PABLO
4%
YOUV DEE
4%
ABEL31
3%
BENJAMIN EPPS
3%
CHILY
3%
DABS
3%
DESPO RUTTI
3%
DINOR RDT
3%
EDGE
3%
HAYCE LEMSI
3%
JNR
3%
KEROUE
3%
KRISY
3%
MAKALA
3%
NEOPHRON
3%
OLDPEE
3%
PRINCE WALY
3%
RATUS
3%
SCYLLA
3%
SOPICO
3%
SPIDER Z
3%
S PION
3%
SQUIDJI
3%
THAHOMEY
3%
USKY
3%
667
2%
7JAWS
2%
AAMO
2%
ABOU DEBEING
2%
ALADIN 135
2%
BIWAI
2%
DANY DAN
2%
ELYON
2%
EMKAL
2%
ENIMA
2%
GOUAP
2%
ICO
2%
IRKO
2%
JEUNE LOUP
2%
JEWEL USAIN
2%
JWLES
2%
KAY THE PRODIGY
2%
LALA &CE
2%
LAUCARRE
2%
MADEINPARIS
2%
NORSACCE BERLUSCONI
2%
SHELDON
2%
STILL FRESH
2%
TSEW THE KID
2%
TUERIE
2%
ZOXEA
2%
2ZER
1%
34 MURPHY
1%
AFRO S
1%
BAKARI
1%
CHANJE
1%
D ACE
1%
DAVODKA
1%
DEMON ONE
1%
DMS
1%
DOC OVG
1%
ELH KMER
1%
F430
1%
FAF LARAGE
1%
2ZER
1%
FRAMAL
1%
FURLAX
1%
GIANNI
1%
GIO
1%
HAKAI
1%
JAYMEE
1%
JEY BROWNIE
1%
JMKS
1%
KEY LARGO
1%
KOBO
1%
LE MOTIF
1%
LORD ESPERANZA
1%
L'OR DU COMMUN
1%
LYBRO
1%
MALTY 2BZ
1%
MARLO
1%
MYTH SYZER
1%
N'SEVEN 7
1%
OL KAINRY
1%
PANAMA BENDE
1%
PEET
1%
PIT BACCARDI
1%
SAZAMYZY
1%
SELUG & SENAR
1%
SENAMO
1%
SERANE
1%
SLIM C
1%
SNORUNT
1%
SWING
1%
TEDAX MAX
1%
TENGO JOHN
1%
VARNISH LA PISCINE
1%
WASTING SHIT
1%
YANNOU JR
1%
ABD AL MALIK
0%
ACHIM
0%
AERO
0%
BABYSOLO33
0%
BEEBY
0%
B NOM
0%
CAPUSH
0%
CASSEURS FLOWTEURS
0%
CERRONE
0%
CG6
0%
CHANCEKO
0%
CHINWVR
0%
EAZY DEW
0%
ESSO LUXUEUX
0%
EYE'S BERG
0%
FLACO
0%
GR OMEGA
0%
GROS MO
0%
HD LA RELEVE
0%
ICHON
0%
JEUNESAINT
0%
KRYPTOO
0%
LEITH
0%
L'ORDRE DU PERIPH
0%
LOTUS
0%
MC JEAN GAB'1
0%
MEGASKI
0%
MOKA BOKA
0%
NUNCA
0%
OBY ONE
0%
PINS & DIMEH
0%
PRINZLY
0%
PUSH & GIO
0%
RAPI SATI
0%
ROSWEIN
0%
SANKA
0%
SIRAP
0%
SLAYEUR SLACE
0%
SMEELS
0%
SMILY
0%
TRIPLEGO
0%
VEERUS
0%
ZAKY
0%
ZINEE
0%
Aucun quiz correspondant
Distribution des résultats
% des personnes avec chaque résultat
Percentile par nombre de réponses
Votre historique - résultats
Vous n’avez pas pris ce quiz depuis la dernière actualisation